[Event "Novokuznetsk-ch"]
[Site "Novokuznetsk"]
[Date "2013.12.08"]
[Round "7"]
[White "Bureev, Danila"]
[Black "Moskvin, Maksim"]
[Result "1-0"]
[WhiteElo "2002"]
[BlackElo "1746"]
[PlyCount "81"]
[EventDate "2013.11.17"]
[EventType "swiss"]
[EventRounds "9"]
[EventCountry "RUS"]
[SourceTitle "EXT 2015"]
[Source "ChessBase"]
[SourceDate "2014.11.20"]
[SourceVersion "1"]
[SourceVersionDate "2014.11.20"]
[SourceQuality "1"]

1. d4 Nf6 2. Nf3 e6 3. g3 c5 4. Bg2 Nc6 5. c4 cxd4 6. Nxd4 Bc5 7. Nb5 Qb6 8. 0-0 0-0 9. N1c3 Be7 10. Bf4 e5 11. Be3 Qa5 12. a3 a6 13. b4 Qd8 14. Nd6 Qc7 15. c5 Bxd6 16. cxd6 Qd8 17. Bg5 h6 18. Bxf6 Qxf6 19. Bxc6 bxc6 20. Ne4 Qg6 21. Nc5 f5 22. Qd3 Rf6 23. Rfd1 Qf7 24. a4 Rb8 25. Rab1 f4 26. Qe4 fxg3 27. fxg3 Qe8 28. Rb3 Kh8 29. Re3 Qf8 30. Rf3 Rxf3 31. exf3 Qf6 32. f4 exf4 33. gxf4 Qh4 34. Re1 Qg4+ 35. Kh1 Rxb4 36. Qxb4 Qf3+ 37. Kg1 Qg4+ 38. Kf2 Qh4+ 39. Ke3 Qh3+ 40. Kd2 Qg2+ 41. Kc1 1-0

[Event "Novokuznetsk op"]
[Site "Novokuznetsk"]
[Date "2013.08.19"]
[Round "9"]
[White "Bureev, Danila"]
[Black "Belozerov, Andrei"]
[Result "0-1"]
[WhiteElo "1963"]
[BlackElo "2513"]
[PlyCount "60"]
[EventDate "2013.08.11"]
[EventType "swiss"]
[EventRounds "9"]
[EventCountry "RUS"]
[SourceTitle "CBM 156 Extra"]
[Source "ChessBase"]
[SourceDate "2013.10.22"]
[SourceVersion "1"]
[SourceVersionDate "2013.10.22"]
[SourceQuality "1"]

1. Nf3 Nf6 2. d4 g6 3. Nbd2 d5 4. e3 Bg7 5. b4 0-0 6. c4 c6 7. a4 b6 8. Bb2 Bb7 9. Be2 Nbd7 10. c5 a5 11. Ba3 axb4 12. Bxb4 bxc5 13. dxc5 Ne4 14. Rc1 Nxd2 15. Nxd2 Ba6 16. Bxa6 Rxa6 17. 0-0 Qa8 18. a5 Rb8 19. Rb1 Rb5 20. Qc1 Qb7 21. Qa3 e5 22. e4 Bh6 23. Bc3 d4 24. Rxb5 Qxb5 25. Bb4 Nxc5 26. Bxc5 Bxd2 27. Be7 Rxa5 28. Qd6 Ra8 29. Bf6 Bb4 30. Qc7 d3 0-1

[Event "Novokuznetsk Summer op"]
[Site "Novokuznetsk"]
[Date "2013.06.18"]
[Round "2"]
[White "Chernov, Mikhail"]
[Black "Bureev, Danila"]
[Result "1-0"]
[WhiteElo "2237"]
[BlackElo "1964"]
[PlyCount "49"]
[EventDate "2013.06.17"]
[EventType "swiss"]
[EventRounds "9"]
[EventCountry "RUS"]
[SourceTitle "EXT 2014"]
[Source "ChessBase"]
[SourceDate "2013.11.20"]
[SourceVersion "1"]
[SourceVersionDate "2013.11.20"]
[SourceQuality "1"]

1. e4 Nf6 2. e5 Nd5 3. d4 d6 4. c4 Nb6 5. exd6 exd6 6. Nc3 Be7 7. Bd3 Nc6 8. Be3 Bf6 9. Nge2 0-0 10. b3 Re8 11. 0-0 Bg4 12. Qd2 Nb4 13. f3 Bd7 14. Bb1 Qe7 15. Bf2 Bg5 16. f4 Bf6 17. a3 Nc6 18. d5 Nb8 19. Bc2 Na6 20. Rae1 Nc5 21. Ng3 Qd8 22. Nh5 c6 23. Bd4 Bxd4+ 24. Qxd4 f6 25. b4 1-0

[Event "Novokuznetsk School op"]
[Site "Novokuznetsk"]
[Date "2012.06.13"]
[Round "1"]
[White "Bureev, Danila"]
[Black "Sozin, Stepan"]
[Result "1/2-1/2"]
[WhiteElo "1933"]
[BlackElo "2137"]
[PlyCount "99"]
[EventDate "2012.06.13"]
[EventType "swiss"]
[EventRounds "9"]
[EventCountry "RUS"]
[SourceTitle "EXT 2022"]
[Source "ChessBase"]
[SourceDate "2021.10.06"]
[SourceVersion "1"]
[SourceVersionDate "2021.10.06"]
[SourceQuality "1"]

1. Nf3 c5 2. d4 cxd4 3. Nxd4 g6 4. g3 Bg7 5. Bg2 Nf6 6. 0-0 0-0 7. c3 Nc6 8. Nd2 d5 9. Nxc6 bxc6 10. Nb3 e5 11. Bg5 h6 12. Bxf6 Qxf6 13. e4 Ba6 14. Re1 Rad8 15. Nc5 Bc8 16. Qa4 h5 17. Rad1 Bg4 18. Rd3 Qe7 19. b4 dxe4 20. Rxd8 Qxd8 21. Nxe4 f5 22. Nc5 Qd2 23. Qb3+ Kh7 24. Rf1 f4 25. Ne4 Qd7 26. f3 Bf5 27. Rd1 Qe7 28. Qc4 Bxe4 29. Qxe4 Qc7 30. c4 a5 31. c5 axb4 32. Rd6 Qf7 33. Bh3 fxg3 34. hxg3 Qxf3 35. Qxg6+ Kh8 36. Rd7 Qe3+ 37. Kh1 Qc1+ 38. Kh2 Qb2+ 39. Kh1 Qa1+ 40. Kh2 Qxa2+ 41. Bg2 Qg8 42. Be4 Rf6 43. Qg5 Qf8 44. Bg6 Kg8 45. Qxh5 Rf2+ 46. Kh3 Qf6 47. Qh7+ Kf8 48. Rf7+ Qxf7 49. Bxf7 Rxf7 50. Qe4 1/2-1/2

[Event "Novokuznetsk-ch op"]
[Site "Novokuznetsk"]
[Date "2010.11.28"]
[Round "5"]
[White "Bureev, Danila"]
[Black "Bolov, Andrey"]
[Result "1/2-1/2"]
[WhiteElo "1889"]
[BlackElo "2030"]
[PlyCount "49"]
[EventDate "2010.11.14"]
[EventType "swiss"]
[EventRounds "9"]
[EventCountry "RUS"]
[SourceTitle "EXT 2022"]
[Source "ChessBase"]
[SourceDate "2021.10.06"]
[SourceVersion "1"]
[SourceVersionDate "2021.10.06"]
[SourceQuality "1"]

1. Nf3 Nf6 2. d4 g6 3. e3 Bg7 4. b4 d6 5. Bb2 0-0 6. Nbd2 Nbd7 7. c4 Re8 8. Be2 e5 9. 0-0 e4 10. Ne1 Nf8 11. a4 h5 12. h3 Bf5 13. b5 h4 14. Nc2 Qd7 15. d5 N8h7 16. Nd4 g5 17. Nxf5 Qxf5 18. Nb3 Qg6 19. Na5 Rab8 20. Bd4 Nd7 21. Bxg7 Qxg7 22. Nb3 Nhf6 23. a5 Ne5 24. Nd4 Qg6 25. a6 1/2-1/2

[Event "Novokuznetsk Goryainov op"]
[Site "Novokuznetsk"]
[Date "2010.08.16"]
[Round "5"]
[White "Bureev, Danila"]
[Black "Seslavin, Maxim"]
[Result "1-0"]
[WhiteElo "1841"]
[BlackElo "2077"]
[PlyCount "167"]
[EventDate "2010.08.12"]
[EventType "swiss"]
[EventRounds "9"]
[EventCountry "RUS"]
[SourceTitle "CBM 138 Extra"]
[Source "ChessBase"]
[SourceDate "2010.10.29"]
[SourceVersion "1"]
[SourceVersionDate "2010.10.29"]
[SourceQuality "1"]

1. Nf3 Nf6 2. d4 e6 3. Nbd2 b6 4. c4 Bb7 5. g3 Be7 6. Bg2 d6 7. 0-0 Nbd7 8. e3 0-0 9. b3 c5 10. Bb2 Ne4 11. Qc2 f5 12. Ne1 Nxd2 13. Qxd2 Bxg2 14. Nxg2 Qc7 15. Nf4 Kf7 16. d5 e5 17. Ne6 Qb7 18. Nxf8 Rxf8 19. Qc2 Kg8 20. e4 f4 21. gxf4 Rxf4 22. f3 g5 23. Bc1 Rh4 24. Qg2 h6 25. f4 Nf6 26. h3 Nh7 27. fxg5 Bxg5 28. Kh2 Qe7 29. Bd2 Kh8 30. Rg1 Qg7 31. Raf1 Qg6 32. Rf5 Qh5 33. Be1 Rf4 34. Rf1 Rxf1 35. Qxf1 Bf4+ 36. Bg3 Bxg3+ 37. Kxg3 Qg6+ 38. Kh2 Kg7 39. Qf3 Nf6 40. Qg3 Qxg3+ 41. Kxg3 Nxe4+ 42. Kg4 Nf6+ 43. Kg3 Kg6 44. Rf1 Nh5+ 45. Kg4 Nf6+ 46. Kh4 Ne4 47. Rg1+ Ng5 48. Kg4 Ne4 49. Kf3+ Ng5+ 50. Ke3 Kh5 51. Rg4 Nxh3 52. Rg7 Ng5 53. Rd7 Kg4 54. Rxd6 h5 55. Rg6 Kf5 56. Rh6 Nf7 57. Rxh5+ Kf6 58. Ke4 Nd6+ 59. Kf3 Nf5 60. Rh8 Nd6 61. Ra8 b5 62. Rxa7 bxc4 63. bxc4 Nxc4 64. Rc7 Kf5 65. Rxc5 e4+ 66. Ke2 Nd6 67. a4 Ke5 68. a5 Kd4 69. Rc1 Kxd5 70. Rb1 Kc6 71. a6 Nc8 72. Ke3 Na7 73. Kxe4 Nc8 74. Ke5 Na7 75. Ke6 Nc8 76. Rc1+ Kb6 77. Rxc8 Ka7 78. Rc6 Ka8 79. Rc1 Ka7 80. Ra1 Kb8 81. a7+ Ka8 82. Kd6 Kb7 83. a8Q+ Kb6 84. Qc6# 1-0

[Event "Novokuznetsk Goryainov op"]
[Site "Novokuznetsk"]
[Date "2010.08.13"]
[Round "2"]
[White "Petrukhina, Irina"]
[Black "Bureev, Danila"]
[Result "1/2-1/2"]
[WhiteElo "2084"]
[BlackElo "1841"]
[PlyCount "85"]
[EventDate "2010.08.12"]
[EventType "swiss"]
[EventRounds "9"]
[EventCountry "RUS"]
[SourceTitle "CBM 138 Extra"]
[Source "ChessBase"]
[SourceDate "2010.10.29"]
[SourceVersion "1"]
[SourceVersionDate "2010.10.29"]
[SourceQuality "1"]

1. d4 d5 2. c4 c6 3. Nf3 e6 4. Bg5 Nf6 5. Nc3 dxc4 6. e4 b5 7. e5 h6 8. Bh4 g5 9. Nxg5 hxg5 10. Bxg5 Nbd7 11. g3 Qb6 12. exf6 Bb7 13. Bg2 0-0-0 14. 0-0 c5 15. d5 b4 16. Na4 Qb5 17. dxe6 Bxg2 18. e7 Bxf1 19. exd8Q+ Kxd8 20. Kxf1 Rxh2 21. Kg1 Rh8 22. Qd5 Qxa4 23. Qa8+ Kc7 24. Bf4+ Kb6 25. Qd8+ Ka6 26. Qc8+ Ka5 27. Qb7 Nb6 28. Bc7 Kb5 29. Bxb6 axb6 30. a3 b3 31. Re1 c3 32. Qd7+ Ka5 33. Qa7+ Kb5 34. Qd7+ Ka5 35. Qa7+ Kb5 36. Qxf7 c2 37. Qd7+ Ka5 38. Qa7+ Kb5 39. Qd7+ Ka5 40. Qa7+ Kb5 41. Qd7+ Ka5 42. Qa7+ Kb5 43. Qd7+ 1/2-1/2